[Event "Muenster"]
[Site "Muenster"]
[Date "1992.??.??"]
[Round "4"]
[White "Padevsky, Nikola Bochev"]
[Black "Gauglitz, Gernot"]
[Result "1-0"]
[WhiteElo "2400"]
[BlackElo "2435"]
[PlyCount "53"]
[EventDate "1992.07.??"]
[EventType "tourn"]
[EventRounds "11"]
[EventCountry "GER"]
[EventCategory "8"]
[SourceTitle "CBM 031"]
[Source "ChessBase"]
[SourceDate "1992.12.01"]
[SourceVersion "1"]
[SourceVersionDate "1992.12.01"]
[SourceQuality "1"]

1. c4 e5 2. g3 g6 3. Bg2 Bg7 4. Nc3 d6 5. e3 Nc6 6. d3 f5 7. Nge2 Nf6 8. Rb1 a5 9. a3 0-0 10. 0-0 g5 11. f4 h6 12. b4 axb4 13. axb4 Qe8 14. Nd5 Nxd5 15. cxd5 Na7 16. e4 Qg6 17. b5 Bd7 18. b6 cxb6 19. Rxb6 gxf4 20. gxf4 fxe4 21. dxe4 Bh3 22. Ng3 Bxg2 23. Kxg2 exf4 24. Bxf4 Nc8 25. Rxb7 Ra2+ 26. Kh1 Kh8 27. Qh5 1-0

[Event "Muenster"]
[Site "Muenster"]
[Date "1992.??.??"]
[Round "6"]
[White "Padevsky, Nikola Bochev"]
[Black "Schlosser, Michael"]
[Result "1-0"]
[WhiteElo "2400"]
[BlackElo "2385"]
[PlyCount "104"]
[EventDate "1992.07.??"]
[EventType "tourn"]
[EventRounds "11"]
[EventCountry "GER"]
[EventCategory "8"]
[SourceTitle "CBM 031"]
[Source "ChessBase"]
[SourceDate "1992.12.01"]
[SourceVersion "1"]
[SourceVersionDate "1992.12.01"]
[SourceQuality "1"]

1. d4 Nf6 2. Nf3 g6 3. Bg5 Bg7 4. Nbd2 d5 5. e3 0-0 6. Bd3 Nbd7 7. h3 b6 8. 0-0 Bb7 9. c3 Re8 10. Qa4 a6 11. Rfe1 Ne4 12. Bf4 e5 13. dxe5 Nxd2 14. Nxd2 Nc5 15. Qc2 Nxd3 16. Qxd3 Bxe5 17. Bxe5 Rxe5 18. Rad1 Qf6 19. Nf3 Re4 20. Nd4 Rae8 21. Ne2 c5 22. Qd2 Qe7 23. Ng3 Re5 24. b4 h5 25. bxc5 bxc5 26. Rb1 Re6 27. Rb2 Ba8 28. Reb1 Qc7 29. Ne2 h4 30. Nf4 Rd6 31. Qd1 f5 32. Qa4 Red8 33. Ne2 g5 34. Qc2 Rf6 35. Qd2 Rg6 36. Rb3 Kh7 37. Qc2 Rf8 38. a4 Qc6 39. Rb6 Qxb6 40. Rxb6 Rxb6 41. f4 Rg6 42. fxg5 Rxg5 43. Nf4 Rfg8 44. Qf2 Rg3 45. Qe2 R3g5 46. Qxa6 d4 47. Qa7+ Kh6 48. Qxc5 dxc3 49. Qxc3 Rxg2+ 50. Nxg2 Rxg2+ 51. Kf1 Kh7 52. Qf6 Rg6 1-0

[Event "Kreuzberg"]
[Site "Berlin"]
[Date "1991.??.??"]
[Round "4"]
[White "Padevsky, Nikola Bochev"]
[Black "Lehmann, Klaus"]
[Result "1-0"]
[WhiteElo "2425"]
[BlackElo "2290"]
[PlyCount "153"]
[EventDate "1991.??.??"]
[EventType "tourn"]
[EventRounds "11"]
[EventCountry "GER"]
[EventCategory "4"]
[SourceTitle "EXT 1998"]
[Source "ChessBase"]
[SourceDate "1997.11.17"]
[SourceVersion "1"]
[SourceVersionDate "1997.11.17"]
[SourceQuality "1"]

1. Nf3 Nf6 2. d4 e6 3. c4 b6 4. g3 Bb7 5. Bg2 Be7 6. 0-0 0-0 7. Nc3 Ne4 8. Bd2 d5 9. cxd5 exd5 10. Rc1 Nd7 11. Qb3 Nxc3 12. Bxc3 Rb8 13. Rfd1 c5 14. Ne5 Nf6 15. Qa4 Qc7 16. dxc5 bxc5 17. Nd3 d4 18. Ba5 Qc8 19. Bxb7 Rxb7 20. Kg2 Qe6 21. Rc2 Qd5+ 22. Kg1 Bd6 23. Bd2 Re8 24. Bf4 Bf8 25. b3 Qf5 26. f3 h5 27. Rdc1 Rc8 28. b4 c4 29. Rxc4 Rxc4 30. Rxc4 Nd5 31. Rxd4 Nxb4 32. Nxb4 Qb1+ 33. Rd1 Rxb4 34. Rxb1 Bc5+ 35. Kf1 Rxa4 36. Rb8+ Kh7 37. Rb5 Rc4 38. Ke1 Kg6 39. Kd2 Bb6 40. Rb2 h4 41. Be3 Bxe3+ 42. Kxe3 hxg3 43. hxg3 Ra4 44. Kd3 Ra3+ 45. Kc4 a5 46. Kd5 Kf6 47. Ke4 Ra4+ 48. Ke3 g5 49. Rc2 Ra3+ 50. Kf2 Kg6 51. g4 Kf6 52. Ke1 Ke5 53. Kd2 Kd4 54. Rb2 Ra4 55. Ke1 f6 56. Kd2 Ra3 57. Rc2 Ra4 58. Rb2 Ra3 59. Ke1 Ke5 60. Rd2 f5 61. gxf5 Kxf5 62. Rc2 Kf4 63. Kf2 Ra4 64. e3+ Kf5 65. Kg3 Ra3 66. e4+ Kg6 67. Kg4 a4 68. Rc6+ Kf7 69. Ra6 Rxa2 70. Kxg5 a3 71. f4 Ra1 72. Kf5 a2 73. Ra7+ Kg8 74. e5 Kf8 75. Kf6 Kg8 76. f5 Kh8 77. e6 1-0

[Event "Gelsenkirchen"]
[Site "Gelsenkirchen"]
[Date "1991.??.??"]
[Round "?"]
[White "Padevsky, Nikola Bochev"]
[Black "Lendwai, Reinhard"]
[Result "1/2-1/2"]
[WhiteElo "2425"]
[BlackElo "2405"]
[PlyCount "36"]
[EventDate "1991.05.??"]
[EventType "tourn"]
[EventRounds "11"]
[EventCountry "GER"]
[EventCategory "8"]
[SourceTitle "CBM 025"]
[Source "ChessBase"]
[SourceDate "1991.12.01"]
[SourceVersion "1"]
[SourceVersionDate "1991.12.01"]
[SourceQuality "1"]

1. Nf3 Nf6 2. g3 c5 3. Bg2 Nc6 4. 0-0 g6 5. c4 Bg7 6. Nc3 0-0 7. e3 d6 8. h3 a6 9. d4 Rb8 10. a4 Bd7 11. b3 Na5 12. Bd2 Qb6 13. Ra3 Bf5 14. Be1 Nc6 15. g4 Be4 16. Nxe4 Nxe4 17. a5 Qc7 18. Qb1 f5 1/2-1/2

[Event "Kreuzberg"]
[Site "Berlin"]
[Date "1991.??.??"]
[Round "11"]
[White "Padevsky, Nikola Bochev"]
[Black "Mattick, Lutz"]
[Result "1-0"]
[WhiteElo "2425"]
[BlackElo "2220"]
[PlyCount "73"]
[EventDate "1991.??.??"]
[EventType "tourn"]
[EventRounds "11"]
[EventCountry "GER"]
[EventCategory "4"]
[SourceTitle "EXT 1998"]
[Source "ChessBase"]
[SourceDate "1997.11.17"]
[SourceVersion "1"]
[SourceVersionDate "1997.11.17"]
[SourceQuality "1"]

1. d4 Nf6 2. c4 e6 3. Nc3 Bb4 4. e3 c5 5. Bd3 Nc6 6. Nge2 cxd4 7. exd4 d5 8. cxd5 Nxd5 9. 0-0 0-0 10. Bc2 Bd6 11. a3 Nxc3 12. bxc3 e5 13. d5 Ne7 14. c4 Qc7 15. Bb3 Bg4 16. f3 Bd7 17. Be3 Nf5 18. Bf2 Bc5 19. Qd3 Nd6 20. Ng3 Rac8 21. Rfc1 f5 22. Qd2 e4 23. f4 Qb6 24. Rc3 Rfe8 25. Re1 e3 26. Rexe3 Bxe3 27. Bxe3 Qa5 28. c5 Ba4 29. Bxa4 Qxa4 30. cxd6 Rxc3 31. Qxc3 Qd1+ 32. Kf2 Qxd5 33. Qd2 Qe6 34. Bxa7 Rd8 35. Bc5 Qh6 36. Qd5+ Kh8 37. Qxf5 1-0

[Event "Teteven op"]
[Site "Teteven"]
[Date "1991.??.??"]
[Round "9"]
[White "Shcherbakov, Ruslan"]
[Black "Padevsky, Nikola Bochev"]
[Result "1-0"]
[WhiteElo "2505"]
[BlackElo "2425"]
[PlyCount "43"]
[EventDate "1991.??.??"]
[EventType "swiss"]
[EventRounds "11"]
[EventCountry "BUL"]
[SourceTitle "EXT 1997"]
[Source "ChessBase"]
[SourceDate "1996.11.15"]
[SourceVersion "1"]
[SourceVersionDate "1996.11.15"]
[SourceQuality "1"]

1. d4 Nf6 2. Nf3 b6 3. c4 e6 4. a3 Bb7 5. Nc3 d5 6. cxd5 exd5 7. g3 Bd6 8. Bg2 0-0 9. 0-0 Re8 10. Bg5 c6 11. Re1 Nbd7 12. e4 dxe4 13. Nxe4 Be7 14. Nc3 Nd5 15. Nxd5 cxd5 16. Bf4 Nf8 17. Ne5 Ne6 18. Nxf7 Kxf7 19. Rxe6 Kg8 20. Qb3 Rf8 21. Rae1 Rf7 22. R6e5 1-0

[Event "Dortmund-C"]
[Site "Dortmund"]
[Date "1991.??.??"]
[Round "5"]
[White "Thesing, Matthias"]
[Black "Padevsky, Nikola Bochev"]
[Result "1/2-1/2"]
[WhiteElo "2405"]
[BlackElo "2425"]
[PlyCount "77"]
[EventDate "1991.03.23"]
[EventType "tourn"]
[EventRounds "9"]
[EventCountry "GER"]
[EventCategory "8"]
[SourceTitle "CBM 023"]
[Source "ChessBase"]
[SourceDate "1991.08.01"]
[SourceVersion "1"]
[SourceVersionDate "1991.08.01"]
[SourceQuality "1"]

1. Nf3 Nf6 2. d4 d6 3. Nc3 c6 4. e4 Bg4 5. h3 Bh5 6. Be3 e6 7. d5 cxd5 8. exd5 e5 9. Be2 Nbd7 10. 0-0 a6 11. a4 Bxf3 12. Bxf3 g6 13. a5 Bg7 14. Na4 0-0 15. c4 Rc8 16. Qb3 Rc7 17. Rfd1 e4 18. Be2 Qb8 19. c5 Ne8 20. c6 bxc6 21. Qxb8 Nxb8 22. Bb6 c5 23. Bxc7 Nxc7 24. Rab1 Bd4 25. b4 Nxd5 26. bxc5 dxc5 27. Bc4 Ne7 28. Re1 Nec6 29. Rxe4 Nxa5 30. Ba2 Nbc6 31. Rb6 c4 32. Rxa6 c3 33. Nxc3 Bxc3 34. Bd5 Rc8 35. Bxc6 Rxc6 36. Rxc6 Nxc6 37. Rc4 Nd4 38. Kf1 Bb2 39. Rb4 1/2-1/2

[Event "BUL-chT"]
[Site "Sofia"]
[Date "1991.??.??"]
[Round "1"]
[White "Velikov, Petar"]
[Black "Padevsky, Nikola Bochev"]
[Result "0-1"]
[WhiteElo "2425"]
[BlackElo "2425"]
[PlyCount "92"]
[EventDate "1991.??.??"]
[EventType "team-tourn"]
[EventRounds "11"]
[EventCountry "BUL"]
[SourceTitle "EXT 1997"]
[Source "ChessBase"]
[SourceDate "1996.11.15"]
[SourceVersion "1"]
[SourceVersionDate "1996.11.15"]
[SourceQuality "1"]

1. Nf3 d5 2. g3 f5 3. Bg2 Nf6 4. 0-0 e6 5. d3 Bc5 6. c4 0-0 7. Nbd2 Nc6 8. Qc2 d4 9. Nb3 Be7 10. c5 e5 11. Qc4+ Kh8 12. Ng5 Qe8 13. Ne6 Bxe6 14. Qxe6 Qh5 15. e3 Rae8 16. Qc4 dxe3 17. fxe3 e4 18. d4 Rd8 19. Bd2 Nd5 20. Rae1 Bg5 21. Qe2 Qxe2 22. Rxe2 h5 23. Ree1 g6 24. a3 Kg7 25. Rf2 Nce7 26. Na5 b6 27. Nb3 Nf6 28. Bf1 Ng4 29. Rfe2 Nd5 30. h3 Ngf6 31. Rc1 h4 32. gxh4 Bxh4 33. Rg2 Rh8 34. cxb6 cxb6 35. Bc4 Rc8 36. Ba6 Rxc1+ 37. Nxc1 f4 38. exf4 e3 39. Bb4 Nxf4 40. Rh2 Bg3 41. Rc2 Bf2+ 42. Kf1 Rxh3 43. Bb7 Ng4 44. Rc7+ Kh6 45. Bf8+ Kg5 46. Be7+ Kh5 0-1

[Event "Muenster IM"]
[Site "Muenster"]
[Date "1990.??.??"]
[Round "1"]
[White "Padevsky, Nikola Bochev"]
[Black "Keitlinghaus, Ludger"]
[Result "1-0"]
[WhiteElo "2425"]
[BlackElo "2405"]
[PlyCount "123"]
[EventDate "1990.??.??"]
[EventType "tourn"]
[EventRounds "11"]
[EventCountry "GER"]
[EventCategory "4"]
[SourceTitle "EXT 1997"]
[Source "ChessBase"]
[SourceDate "1996.11.15"]
[SourceVersion "1"]
[SourceVersionDate "1996.11.15"]
[SourceQuality "1"]

1. c4 e5 2. Nc3 Bb4 3. Qb3 a5 4. g3 Nf6 5. Bg2 0-0 6. Nf3 Re8 7. 0-0 c6 8. d3 h6 9. e4 Na6 10. h3 d5 11. cxd5 cxd5 12. Nxd5 Nxd5 13. Qxd5 Qxd5 14. exd5 Bf5 15. Rd1 Bd6 16. g4 Bh7 17. Ne1 Rec8 18. Be3 Nb4 19. Be4 Bg6 20. Kf1 Nc2 21. Nxc2 Rxc2 22. Rd2 Rac8 23. Rxc2 Rxc2 24. Rb1 Kf8 25. Ke1 Bxe4 26. dxe4 Rc4 27. f3 Rc2 28. a4 Rh2 29. Kf1 Rc2 30. h4 Ke7 31. b3 Kd7 32. Rc1 Rb2 33. Rc3 Bb4 34. Rd3 f6 35. g5 hxg5 36. hxg5 fxg5 37. Bxg5 Bd6 38. Bd2 Bb4 39. Be3 Bd6 40. Ke1 Kc7 41. Kd1 Kd7 42. Bd2 Bb4 43. Kc1 Ra2 44. Be3 Re2 45. Bb6 Rg2 46. Kd1 g5 47. Re3 Rd2+ 48. Kc1 Rg2 49. Kb1 Rd2 50. Kc1 Rg2 51. Rd3 Rg3 52. Kc2 Rg2+ 53. Kd1 Rh2 54. Be3 Rg2 55. Bd2 Rg1+ 56. Ke2 Bxd2 57. Kxd2 Kd6 58. Ke3 Rg2 59. Rd2 Rg1 60. Kf2 Rb1 61. Rd3 Rb2+ 62. Kg3 1-0

[Event "Muenster IM"]
[Site "Muenster"]
[Date "1990.??.??"]
[Round "6"]
[White "Padevsky, Nikola Bochev"]
[Black "Lukov, Valentin"]
[Result "1/2-1/2"]
[WhiteElo "2425"]
[BlackElo "2440"]
[PlyCount "21"]
[EventDate "1990.??.??"]
[EventType "tourn"]
[EventRounds "11"]
[EventCountry "GER"]
[EventCategory "4"]
[SourceTitle "EXT 1997"]
[Source "ChessBase"]
[SourceDate "1996.11.15"]
[SourceVersion "1"]
[SourceVersionDate "1996.11.15"]
[SourceQuality "1"]

1. d4 d5 2. Nf3 Nf6 3. c4 c6 4. cxd5 cxd5 5. Nc3 Nc6 6. Bf4 e6 7. e3 Bd6 8. Bg3 0-0 9. Bd3 b6 10. 0-0 Bb7 11. Rc1 1/2-1/2

[Event "Dortmund op"]
[Site "Dortmund"]
[Date "1990.??.??"]
[Round "11"]
[White "Padevsky, Nikola Bochev"]
[Black "Ott, Frank"]
[Result "0-1"]
[WhiteElo "2435"]
[BlackElo "2250"]
[PlyCount "57"]
[EventDate "1990.04.??"]
[EventType "swiss"]
[EventRounds "11"]
[EventCountry "GER"]
[SourceTitle "EXT 1997"]
[Source "ChessBase"]
[SourceDate "1996.11.15"]
[SourceVersion "1"]
[SourceVersionDate "1996.11.15"]
[SourceQuality "1"]

1. e4 c5 2. Nf3 d6 3. d3 g6 4. g3 Bg7 5. Bg2 Nc6 6. 0-0 e5 7. Nc3 Nge7 8. Nh4 0-0 9. f4 exf4 10. Bxf4 Be6 11. Qd2 Nd4 12. Rf2 Qd7 13. Raf1 Rac8 14. Bh6 b5 15. Bxg7 Kxg7 16. Nd5 Bxd5 17. exd5 b4 18. c3 bxc3 19. bxc3 Nb5 20. a4 Nc7 21. c4 f5 22. Bh3 Rce8 23. Rf4 h5 24. Qc3+ Kh7 25. g4 Ncxd5 26. cxd5 Nxd5 27. Qd2 Nxf4 28. Rxf4 hxg4 29. Bf1 0-1

[Event "Muenster IM"]
[Site "Muenster"]
[Date "1990.??.??"]
[Round "2"]
[White "Weiermann, Andreas"]
[Black "Padevsky, Nikola Bochev"]
[Result "1/2-1/2"]
[WhiteElo "2265"]
[BlackElo "2425"]
[PlyCount "39"]
[EventDate "1990.??.??"]
[EventType "tourn"]
[EventRounds "11"]
[EventCountry "GER"]
[EventCategory "4"]
[SourceTitle "EXT 1997"]
[Source "ChessBase"]
[SourceDate "1996.11.15"]
[SourceVersion "1"]
[SourceVersionDate "1996.11.15"]
[SourceQuality "1"]

1. d3 d5 2. g3 g6 3. Bg2 Bg7 4. Nf3 e5 5. 0-0 Ne7 6. e4 d4 7. Nh4 0-0 8. f4 exf4 9. gxf4 f5 10. Nd2 Nbc6 11. Qe2 Nb4 12. Nc4 fxe4 13. Bxe4 Ned5 14. Ng2 Nf6 15. Bf3 Re8 16. Ne5 Nd7 17. a3 Nxe5 18. fxe5 Rxe5 19. Qf2 Nc6 20. Qg3 1/2-1/2

[Event "Dortmund op"]
[Site "Dortmund"]
[Date "1989.??.??"]
[Round "11"]
[White "Padevsky, Nikola Bochev"]
[Black "Bukal, Vladimir Sr"]
[Result "1-0"]
[WhiteElo "2435"]
[BlackElo "2375"]
[PlyCount "165"]
[EventDate "1989.03.??"]
[EventType "swiss"]
[EventRounds "11"]
[EventCountry "GER"]
[SourceTitle "EXT 1997"]
[Source "ChessBase"]
[SourceDate "1996.11.15"]
[SourceVersion "1"]
[SourceVersionDate "1996.11.15"]
[SourceQuality "1"]

1. e4 e6 2. d3 d5 3. Nd2 Nf6 4. Ngf3 b6 5. c3 Be7 6. Be2 0-0 7. 0-0 c5 8. Re1 Nc6 9. e5 Nd7 10. d4 a5 11. Bd3 Ba6 12. Bb1 Rc8 13. Nf1 Re8 14. Ng3 g6 15. Ne2 cxd4 16. Nexd4 Nxd4 17. Nxd4 Nc5 18. a4 Bg5 19. Bxg5 Qxg5 20. Re3 Ne4 21. Bxe4 dxe4 22. Rxe4 Bb7 23. Qg4 Qxg4 24. Rxg4 Rc4 25. Rg3 Rd8 26. Kf1 Rd5 27. f4 Rdc5 28. Ke2 h5 29. Kd2 Rd5 30. Ra3 Rd7 31. Rb3 Rxa4 32. Rxb6 Ra1 33. f5 Be4 34. fxe6 fxe6 35. Rxe6 Rb7 36. b3 a4 37. bxa4 Kh7 38. Nb5 Rxa4 39. Nd6 Rb2+ 40. Ke3 Bb1 41. Re7+ Kh6 42. Nf7+ Kg7 43. Ng5+ Kf8 44. Rc7 Rb5 45. c4 Rxe5+ 46. Kd4 Re7 47. Rxe7 Kxe7 48. Re3+ Kf6 49. Nh7+ Kf7 50. Rb3 Bf5 51. Rb7+ Ke6 52. Ng5+ Kd6 53. Rb2 Ke7 54. Kd5 Kf6 55. h4 Bd3 56. Rf2+ Ke7 57. Rf7+ Ke8 58. Rf4 Ke7 59. g3 Ra8 60. c5 Bf5 61. Rf3 Rd8+ 62. Ke5 Rd1 63. Re3 Rc1 64. Kd5+ Kd7 65. Nf3 Rd1+ 66. Nd4 Bh3 67. c6+ Kc7 68. Re7+ Kd8 69. Rg7 Bf5 70. Ke5 Bh3 71. Rxg6 Kc7 72. Ne6+ Kb6 73. Nf4 Bg4 74. Nd5+ Kc5 75. Ne3 Re1 76. Kf4 Bh3 77. c7 Rc1 78. Ke5 Re1 79. Ke4 Rc1 80. Kf4 Kb5 81. Nd5 Rc5 82. Rg5 Ka6 83. Rxh5 1-0